000 00390nam a2200157Ia 4500
008 230524s9999 xx 000 0 und d
082 _a621.38
_bBIM
100 _aP.S.Bimbhra
245 0 _aGeneralized Theory of Electrical Machines
250 _aIST
260 _aNEW DELHI
_bKhanna
_c2008
300 _aXIII;719
500 _aQuantity Number: 30
650 _aElectrical
942 _cBK
999 _c41591
_d41591